[Event "Wch Seniors 50 28th"]
[Site "Bled"]
[Date "2018.11.19"]
[Round "2"]
[White "Zimmermann, Curt"]
[Black "De Winter, Gerard"]
[Result "1-0"]
[WhiteElo "1943"]
[BlackElo "1663"]
[PlyCount "89"]
[EventDate "2018.11.18"]
[EventType "swiss"]
[EventRounds "11"]
[EventCountry "SLO"]
[SourceTitle "CBM 187 Extra"]
[Source "ChessBase"]
[SourceDate "2018.11.04"]
[SourceVersion "1"]
[SourceVersionDate "2018.11.04"]
[SourceQuality "1"]

1. d4 Nf6 2. Bf4 d5 3. e3 c6 4. Nd2 Bf5 5. Bd3 e6 6. Ngf3 Be7 7. h3 Nbd7 8. 0-0 Ne4 9. Re1 0-0 10. Ne5 Ndf6 11. f3 Nxd2 12. Qxd2 Bxd3 13. Nxd3 Nh5 14. Qf2 Bh4 15. g3 Bg5 16. Bxg5 Qxg5 17. Kh2 Qe7 18. e4 dxe4 19. fxe4 Nf6 20. Rad1 Rad8 21. c3 Qc7 22. Qf3 Qa5 23. a3 Qc7 24. Kg2 Nd7 25. Qe3 b6 26. Qf4 Qxf4 27. gxf4 f6 28. Nb4 Rc8 29. d5 exd5 30. exd5 Nb8 31. dxc6 Nxc6 32. Nxc6 Rxc6 33. Rd7 f5 34. Rxa7 Rg6+ 35. Kf3 Rd8 36. Rae7 Rd3+ 37. R1e3 Rd2 38. Re2 Rd3+ 39. R7e3 Rd1 40. Re8+ Kf7 41. R2e7+ Kf6 42. Re6+ Kf7 43. R8e7+ Kf8 44. Rxg6 hxg6 45. Re6 1-0